A Textbook of Environmental Chemistry and Pollution Control (Record no. 478609)
[ view plain ]
| 000 -LEADER | |
|---|---|
| fixed length control field | 00573nam a22001697a 4500 |
| 003 - CONTROL NUMBER IDENTIFIER | |
| control field | NUST |
| 005 - DATE AND TIME OF LATEST TRANSACTION | |
| control field | 20180606045906.0 |
| 008 - FIXED-LENGTH DATA ELEMENTS--GENERAL INFORMATION | |
| fixed length control field | 180606b ||||| |||| 00| 0 eng d |
| 020 ## - INTERNATIONAL STANDARD BOOK NUMBER | |
| International Standard Book Number | 9788121908832 |
| 038 ## - RECORD CONTENT LICENSOR | |
| Staff Name | SNS Library |
| 082 ## - DEWEY DECIMAL CLASSIFICATION NUMBER | |
| Classification number | 363.73 DAR 2015 |
| 100 ## - MAIN ENTRY--PERSONAL NAME | |
| Personal name | Dr. S.S. Dara, Dr. D.D. Mishra |
| 9 (RLIN) | 11041 |
| 245 ## - TITLE STATEMENT | |
| Title | A Textbook of Environmental Chemistry and Pollution Control |
| Remainder of title | (With Energy, Ecology, Ethics and society) |
| Statement of responsibility, etc. | Dr. S.S. Dara, Dr. D.D. Mishra |
| 260 ## - PUBLICATION, DISTRIBUTION, ETC. | |
| Place of publication, distribution, etc. | New Delhi |
| Name of publisher, distributor, etc. | S. Chand and Company Limited |
| Date of publication, distribution, etc. | 2015 |
| 300 ## - PHYSICAL DESCRIPTION | |
| Extent | xiii, 522 P. |
| Other physical details | Pb. |
| 942 ## - ADDED ENTRY ELEMENTS (KOHA) | |
| Source of classification or shelving scheme | |
| Koha item type | Book |
| Withdrawn status | Lost status | Source of classification or shelving scheme | Damaged status | Not for loan | Permanent Location | Current Location | Date acquired | Total Checkouts | Full call number | Barcode | Date last seen | Price effective from | Koha item type |
|---|---|---|---|---|---|---|---|---|---|---|---|---|---|
| School of Natural Sciences (SNS) | School of Natural Sciences (SNS) | 06/06/2018 | 363.73 DAR 2015 | SNS0002587 | 06/06/2018 | 06/06/2018 | Book |
